[Event "Leon blitz op 33rd"]
[Site "Chess.com INT"]
[Date "2020.07.14"]
[Round "2"]
[White "Aravindh, Chithambaram VR"]
[Black "Ermakov, Evgeny"]
[Result "0-1"]
[WhiteElo "2641"]
[BlackElo "2513"]
[PlyCount "120"]
[EventDate "2020.07.14"]
[EventType "swiss (blitz)"]
[EventRounds "10"]
[EventCountry "ESP"]
[SourceTitle "CBM 197 Extra"]
[Source "ChessBase"]
[SourceDate "2020.09.30"]
[SourceVersion "1"]
[SourceVersionDate "2020.09.30"]
[SourceQuality "1"]

1. e4 c6 2. d4 d5 3. e5 Bf5 4. h4 h6 5. Bd3 Bxd3 6. Qxd3 e6 7. Ne2 Ne7 8. c3 Nd7 9. Nd2 g6 10. Nf3 Bg7 11. Ng3 0-0 12. h5 g5 13. Nxg5 hxg5 14. h6 Bxe5 15. dxe5 Nxe5 16. Qd4 N7g6 17. Be3 Kh7 18. 0-0-0 Qd6 19. Nh5 f6 20. f4 gxf4 21. Bxf4 c5 22. Qe3 b5 23. Rhe1 Rac8 24. g4 d4 25. Qe4 Qd5 26. g5 b4 27. Nxf6+ Rxf6 28. gxf6 Qxe4 29. Rxe4 Nf7 30. Rg1 e5 31. Bd2 bxc3 32. bxc3 Rc6 33. Rf1 Re6 34. Kc2 Ra6 35. Kb3 Rb6+ 36. Kc2 Ra6 37. Kb1 Rb6+ 38. Ka1 Nf8 39. Rg4 Ne6 40. Rfg1 Rb7 41. Rg7+ Nxg7 42. Rxg7+ Kh8 43. cxd4 cxd4 44. Rg4 Kh7 45. a3 Kh8 46. Ka2 Rb6 47. Rg6 e4 48. Rg4 e3 49. Bc1 Rd6 50. Re4 Kh7 51. Re7 Kg6 52. h7 Nh8 53. Re8 Kxh7 54. Kb3 Nf7 55. Kc4 Nd8 56. Kd3 Kg6 57. Bb2 Ne6 58. f7 Kxf7 59. Ra8 Nf4+ 60. Ke4 e2 0-1

[Event "Titled Tuesday intern op 16th June"]
[Site "Chess.com INT"]
[Date "2020.06.16"]
[Round "10"]
[White "Rodchenkov, Sergey D"]
[Black "Ermakov, Evgeny"]
[Result "0-1"]
[WhiteElo "2346"]
[BlackElo "2513"]
[PlyCount "102"]
[EventDate "2020.06.16"]
[EventType "swiss (blitz)"]
[EventRounds "10"]
[EventCountry "USA"]
[SourceTitle "EXT 2021"]
[Source "ChessBase"]
[SourceDate "2020.10.23"]
[SourceVersion "1"]
[SourceVersionDate "2020.10.23"]
[SourceQuality "1"]

1. e4 c6 2. d4 d5 3. exd5 cxd5 4. c4 Nf6 5. Nc3 g6 6. Qb3 Bg7 7. cxd5 0-0 8. Be2 Nbd7 9. Bf3 Nb6 10. Bg5 e6 11. Nge2 Nbxd5 12. Nxd5 exd5 13. 0-0 h6 14. Bxf6 Bxf6 15. Bxd5 Kg7 16. Nc3 Bxd4 17. Rad1 Qb6 18. Qc4 Bf6 19. Rd2 Bf5 20. Rfd1 Bg5 21. Re2 Rad8 22. Ne4 Bg4 23. Nxg5 Bxe2 24. Qxe2 hxg5 25. h3 Qf6 26. Rd3 Rd6 27. Rf3 Qd8 28. Bb3 f6 29. Qc4 Rc6 30. Qb4 Rc1+ 31. Kh2 Qc7+ 32. g3 Re8 33. Qd4 Qc6 34. Bd5 Ree1 35. Rc3 Rh1+ 36. Kg2 Rcg1+ 37. Kf3 Qd6 38. Re3 Rd1 39. Rd3 Rxd3+ 40. Qxd3 Re1 41. Qc4 Re5 42. Be4 f5 43. Bxb7 Rc5 44. Qb3 Qe5 45. Kg2 g4 46. hxg4 fxg4 47. Ba8 Rc7 48. Qd3 Qxb2 49. Qd8 Rf7 50. Bd5 Qxf2+ 51. Kh1 Qf1+ 0-1

[Event "Titled Tuesday intern op 9th June"]
[Site "Chess.com INT"]
[Date "2020.06.09"]
[Round "2"]
[White "Ermakov, Evgeny"]
[Black "Belous, Vladimir"]
[Result "1/2-1/2"]
[WhiteElo "2513"]
[BlackElo "2524"]
[PlyCount "157"]
[EventDate "2020.06.09"]
[EventType "swiss (blitz)"]
[EventRounds "10"]
[EventCountry "USA"]
[SourceTitle "CBM 196 Extra"]
[Source "ChessBase"]
[SourceDate "2020.07.31"]
[SourceVersion "1"]
[SourceVersionDate "2020.07.31"]
[SourceQuality "1"]

1. d4 Nf6 2. c3 g6 3. Bf4 Bg7 4. e3 d6 5. h3 Nc6 6. Nd2 e5 7. Bh2 Qe7 8. Bb5 exd4 9. cxd4 0-0 10. Bxc6 bxc6 11. Ngf3 Ba6 12. Rc1 Nd5 13. Nc4 Nb4 14. a3 Qe6 15. b3 Nd5 16. 0-0 Rab8 17. Re1 Rfd8 18. e4 Ne7 19. d5 cxd5 20. exd5 Qd7 21. Qd2 Re8 22. b4 Qb5 23. Na5 Nxd5 24. Rxe8+ Rxe8 25. Nd4 Qd3 26. Qxd3 Bxd3 27. Nac6 Re4 28. Nf3 Bb2 29. Rd1 Bc4 30. Nd2 Be2 31. Rb1 Bd3 32. f3 Bd4+ 33. Nxd4 Rxd4 34. Rc1 Bb5 35. Ne4 Kg7 36. Bg3 Rd3 37. Be1 Rxa3 38. Nc3 Nxc3 39. Bxc3+ f6 40. Bb2 Rb3 41. Rxc7+ Kh6 42. Bxf6 a6 43. g4 g5 44. h4 gxh4 45. g5+ Kg6 46. Rg7+ Kf5 47. Rxh7 Rxb4 48. Rf7 Kg6 49. Rg7+ Kf5 50. Rf7 Bc4 51. Rf8 Kg6 52. Bd8 Rb2 53. Rf6+ Kxg5 54. Rxd6+ Kf5 55. Rf6+ Ke5 56. Rh6 Rd2 57. Rxh4 Bd5 58. Bc7+ Kf5 59. Rh6 Rc2 60. Rh5+ Ke6 61. Re5+ Kd7 62. Rxd5+ Kxc7 63. f4 Rc4 64. f5 Kc6 65. Re5 Rc5 66. Re6+ Kb5 67. f6 a5 68. f7 Rf5 69. Re7 a4 70. Kg2 a3 71. Ra7 Kb4 72. Kg3 Kb3 73. Kg4 Rf1 74. Kg5 a2 75. Kg6 Kb2 76. Kg7 a1Q 77. Rxa1 Kxa1 78. f8Q Rxf8 79. Kxf8 1/2-1/2